000 00408nam a2200181Ia 4500
001 2066
005 20260306143815.0
008 260306t1998||||xx |||||||||||||| ||spa||
041 _aESP
082 _a612
_bC97C
100 _aAmeerally, Phillip,
_eAUT
245 0 _aAnatomía
260 _c1998
300 _aviii, 208 páginas :
_c24 cm.
650 _aGEN
654 _aCPS
942 _cLIB
_dJUS
_fJUS
_2ddc
_n
999 _c2066
_d2066